Bienvenue au Catalogue en Ligne des Bibliothèques de l'Universite du Burundi

Approche des solutions des problèmes d'optimisation combinatoire sur les graphes par les mesures de centralité (Record no. 49400)

000 -GUIDE
Champ de contrôle de longueur fixe 01406nam a22002537a 4500
003 - IDENTITÉ DU NUMÉRO DE CONTRÔLE
Champ de contrôle BI-BuBU
008 - ÉLÉMENTS DE LONGUEUR FIXE - RENSEIGNEMENTS GÉNÉRAUX
Champ de contrôle de longueur fixe 231106b2023 bd frmmmm 000 0 fre d
037 ## - SOURCE D'ACQUISITION
Source d'acquisition et du numéro d'inventaire Don de l'auteur
039 ## - NIVEAU DE CONTRÔLE BIBLIOGRAPHIQUE ET HISTORIQUE D'ENCODAGE [OBSOLETE]
Date creation 20231106103253.0
Nom catalographe Félicien Niyonzima
040 ## - SOURCE DU CATALOGAGE
Organisme qui a effectué le catalogage original BI-BuBU
Code de la langue utilisée dans le catalogage fre
Organisme qui a effectué la transcription BI-BuBU
Organisme qui a effectué la modification BI-BuBU
080 ## - INDICE DE LA CLASSIFICATION DÉCIMALE UNIVERSELLE (CDU)
Indice de la Classification décimale universelle 519.14
100 1# - VEDETTE PRINCIPALE - NOM DE PERSONNE
Code de relation aut
Nom de personne Ndikuriyo, Egide
110 ## - VEDETTE PRINCIPALE - NOM DE COLLECTIVITÉ
Code de relation <a href="aut">aut</a>
Nom de la collectivité ou nom de lieu comme élément de classement Université du Burundi
Collectivité subordonnée Faculté des Sciences, Département de Physique, Centre de recherche en Mathématique et physique
Lieu de collectivité Bujumbura
Relation aut
245 1# - MENTION DU TITRE
Titre Approche des solutions des problèmes d'optimisation combinatoire sur les graphes par les mesures de centralité
Reste du titre cas de "vertex cover"
Mention de responsabilité, etc. Egide Ndikuriyo ; sous la dir. de Salomon Mugisha
260 ## - PUBLICATION, DIFFUSION, ETC. (ADRESSE BIBLIOGRAPHIQUE)
Lieu de publication, diffusion, etc. Bujumbura
Nom de l'éditeur, diffuseur, etc. Université du Burundi, Faculté des Sciences, Département de Physique, Centre de recherche en Mathématiques et physique
Date of publication, distribution, etc 2023
300 ## - DESCRIPTION MATÉRIELLE
Collation XII-53f.
Dimensions 30cm
500 ## - NOTE GÉNÉRALE
Documents précisés Mémoire présenté et défendu publiquement en vue de l'obtention du Diplôme de Master en physique fondamentale et appliquée, Option physique fondamentale
650 #7 - VEDETTE-MATIÈRE - NOM COMMUN
Source du terme BI-BuBU
Vedette de sujet ou vedette comportant un nom géographique Graphe.Mesure de centralité.Vertex Cover
655 #7 - TERME D'INDEXATION - GENRE OU FORME
Source du terme BI-BuBU
Données ou terme dominant sur le genre ou la forme Mémoire
700 1# - VEDETTE SECONDAIRE - NOM DE PERSONNE
Code de relation dir
Nom d'auteur Mugisha, salomon
9 (RLIN) 62675
710 1# - VEDETTE SECONDAIRE - NOM DE COLLECTIVITÉ
Code de relation aut
Nom de la collectivité ou nom de lieu comme élément de classement Université du Burundi
Collectivité subordonnée Faculté des Sciences, Département de Physique, Centre de recherche en Mathématiques et physique
Lieu de réunion Bujumbura
Relation aut
942 ## - ÉLÉMENTS D'ENTRÉE ADDITIONNELLE (KOHA)
Source de la classification ou du système de rangement
Type d item koha Memoire
Holdings
Statut de retrait Statut de perte Source de la classification ou du système de rangement Statut de déterioration Exclu du prêt Numéro d item Koha Localisation permanente Localisation actuelle Date d'acquisition Source d'acquisition Nombre de prêts Cote Code-barres Date last seen Numéro d'exemplaire Prix en vigueur à partir du Type d item koha Numero d'inventaire
        Not For Loan 80175 Bibliothèque Centrale Bibliothèque Centrale 06/11/2023 Don de l'auteur   R.519.14 NDI.2023 5010000775803 06/11/2023 1 06/11/2023 Memoire 239973
© 2019-2026 - Bibliothèques de l'Université du Burundi |Tous droits réservés
home | Pour toute information urgente Contactez nous | tel whatsupp: +25779204313